<?xml version="1.0" encoding="UTF-8"?>
<record
    xmlns:xsi="http://www.w3.org/2001/XMLSchema-instance"
    xsi:schemaLocation="http://www.loc.gov/MARC21/slim http://www.loc.gov/standards/marcxml/schema/MARC21slim.xsd"
    xmlns="http://www.loc.gov/MARC21/slim">

  <leader>02537cam a22003618i 4500</leader>
  <datafield tag="999" ind1=" " ind2=" ">
    <subfield code="c">4246</subfield>
    <subfield code="d">4246</subfield>
  </datafield>
  <controlfield tag="001">907190707</controlfield>
  <controlfield tag="003">OCoLC</controlfield>
  <controlfield tag="005">20181204100149.0</controlfield>
  <controlfield tag="008">150916s2015    dcu      b    001 0 eng  </controlfield>
  <datafield tag="010" ind1=" " ind2=" ">
    <subfield code="a">2015035812</subfield>
  </datafield>
  <datafield tag="020" ind1=" " ind2=" ">
    <subfield code="a">9781621574156</subfield>
  </datafield>
  <datafield tag="020" ind1=" " ind2=" ">
    <subfield code="a">1621574156</subfield>
  </datafield>
  <datafield tag="035" ind1=" " ind2=" ">
    <subfield code="a">(OCoLC)907190707</subfield>
    <subfield code="z">(OCoLC)933724774</subfield>
  </datafield>
  <datafield tag="040" ind1=" " ind2=" ">
    <subfield code="a">DLC</subfield>
    <subfield code="b">eng</subfield>
    <subfield code="e">rda</subfield>
    <subfield code="c">DLC</subfield>
    <subfield code="d">BTCTA</subfield>
    <subfield code="d">BDX</subfield>
    <subfield code="d">YDXCP</subfield>
    <subfield code="d">OCLCF</subfield>
    <subfield code="d">JAI</subfield>
    <subfield code="d">CGP</subfield>
    <subfield code="d">ON8</subfield>
    <subfield code="d">JP3</subfield>
    <subfield code="d">NDS</subfield>
    <subfield code="d">IGR</subfield>
    <subfield code="d">PUL</subfield>
    <subfield code="d">CDX</subfield>
    <subfield code="d">Q2V</subfield>
    <subfield code="d">OCLCQ</subfield>
    <subfield code="d">MZN</subfield>
  </datafield>
  <datafield tag="042" ind1=" " ind2=" ">
    <subfield code="a">pcc</subfield>
  </datafield>
  <datafield tag="050" ind1="0" ind2="0">
    <subfield code="a">BT225</subfield>
    <subfield code="b">.L56 2015</subfield>
  </datafield>
  <datafield tag="082" ind1=" " ind2=" ">
    <subfield code="a">221.64</subfield>
    <subfield code="b">L733E</subfield>
  </datafield>
  <datafield tag="090" ind1=" " ind2=" ">
    <subfield code="a">BT225</subfield>
    <subfield code="b">.L56 2015</subfield>
  </datafield>
  <datafield tag="100" ind1="1" ind2=" ">
    <subfield code="a">Limbaugh, David,</subfield>
    <subfield code="e">author</subfield>
  </datafield>
  <datafield tag="245" ind1="1" ind2="4">
    <subfield code="a">The Emmaus code :</subfield>
    <subfield code="b">finding Jesus in the Old Testament /</subfield>
    <subfield code="c">David Limbaugh</subfield>
  </datafield>
  <datafield tag="264" ind1=" " ind2="1">
    <subfield code="a">Washington, DC :</subfield>
    <subfield code="b">Regnery Publishing,</subfield>
    <subfield code="c">[2015]</subfield>
  </datafield>
  <datafield tag="300" ind1=" " ind2=" ">
    <subfield code="a">420 pages ;</subfield>
    <subfield code="c">24 cm</subfield>
  </datafield>
  <datafield tag="336" ind1=" " ind2=" ">
    <subfield code="a">text</subfield>
    <subfield code="b">txt</subfield>
    <subfield code="2">rdacontent</subfield>
  </datafield>
  <datafield tag="337" ind1=" " ind2=" ">
    <subfield code="a">unmediated</subfield>
    <subfield code="b">n</subfield>
    <subfield code="2">rdamedia</subfield>
  </datafield>
  <datafield tag="338" ind1=" " ind2=" ">
    <subfield code="a">volume</subfield>
    <subfield code="b">nc</subfield>
    <subfield code="2">rdacarrier</subfield>
  </datafield>
  <datafield tag="504" ind1=" " ind2=" ">
    <subfield code="a">Includes bibliographical references (pages 345-404) and index</subfield>
  </datafield>
  <datafield tag="505" ind1="0" ind2=" ">
    <subfield code="a">Introduction -- In defense of the Old Testament -- Old Testament history: Overview -- Old Testament history: Creation through the United Kingdom -- Old Testament history: Divided Kingdom through Restoration -- All roads lead to Christ: Biblical covenants, part 1 -- All roads lead to Christ: Biblical covenants, part 2 -- All roads lead to Christ: Portraits, offices, creation, and salvation -- All roads lead to Christ: Titles, Christophanies, typology, prophecy, and analogy -- Christ in every book: Genesis -- Christ in every book: Exodus -- Christ in every book: Leviticus through Deuteronomy -- Christ in every book: Joshua through Esther -- Christ in every book: The poetical books -- Christ in every book: Prophets Obadiah through Isaiah -- Christ in every book: Prophets Micah through Habakkuk -- Christ in every book: Prophets Daniel through Malachi -- Conclusion</subfield>
  </datafield>
  <datafield tag="520" ind1=" " ind2=" ">
    <subfield code="a">"In the 2014 New York Times bestseller Jesus on Trial, David Limbaugh made a case for the Gospels as hard evidence of the existence of God, drawing on his own spiritual journey from skeptic to believer. Now, Limbaugh looks deeper into the Scriptures and discovers that Jesus Christ's very being reveals itself in a close reading of the sacred texts. The Emmaus Code is a powerful, intimate journey toward an understanding of Christ as man, savior, and son of God"--</subfield>
    <subfield code="c">Provided by publisher</subfield>
  </datafield>
  <datafield tag="600" ind1="0" ind2="0">
    <subfield code="a">Jesus Christ</subfield>
    <subfield code="x">Biblical teaching</subfield>
  </datafield>
  <datafield tag="630" ind1="0" ind2="0">
    <subfield code="a">Bible.</subfield>
    <subfield code="p">Old Testament</subfield>
    <subfield code="x">Criticism, interpretation, etc</subfield>
  </datafield>
  <datafield tag="650" ind1=" " ind2="0">
    <subfield code="a">Typology (Theology)</subfield>
  </datafield>
  <datafield tag="942" ind1=" " ind2=" ">
    <subfield code="2">ddc</subfield>
    <subfield code="c">BK</subfield>
  </datafield>
  <datafield tag="952" ind1=" " ind2=" ">
    <subfield code="0">0</subfield>
    <subfield code="1">0</subfield>
    <subfield code="2">ddc</subfield>
    <subfield code="4">0</subfield>
    <subfield code="7">0</subfield>
    <subfield code="8">NFIC</subfield>
    <subfield code="a">HMC</subfield>
    <subfield code="b">HMC</subfield>
    <subfield code="c">GEN</subfield>
    <subfield code="d">2018-12-04</subfield>
    <subfield code="g">960.00</subfield>
    <subfield code="l">0</subfield>
    <subfield code="o">221.64 L733E</subfield>
    <subfield code="p">004786</subfield>
    <subfield code="r">2018-12-04 00:00:00</subfield>
    <subfield code="w">2018-12-04</subfield>
    <subfield code="y">BK</subfield>
  </datafield>
</record>
